Detalles MARC
| 000 -LEADER |
| fixed length control field |
02620nam a2200493Ii 4500 |
| 001 - CONTROL NUMBER |
| control field |
DIGDYK0097 |
| 003 - CONTROL NUMBER IDENTIFIER |
| control field |
NyNyDIG |
| 008 - FIXED-LENGTH DATA ELEMENTS--GENERAL INFORMATION |
| fixed length control field |
140116t20092009sp ob 000 0 spa d |
| 006 - FIXED-LENGTH DATA ELEMENTS--ADDITIONAL MATERIAL CHARACTERISTICS |
| fixed length control field |
m o d |
| 007 - PHYSICAL DESCRIPTION FIXED FIELD--GENERAL INFORMATION |
| fixed length control field |
cr ||||||||||| |
| 035 ## - SYSTEM CONTROL NUMBER |
| System control number |
(OCoLC)888342582 |
| 040 ## - CATALOGING SOURCE |
| Original cataloging agency |
DGITA |
| Language of cataloging |
eng |
| Description conventions |
rda |
| -- |
pn |
| Transcribing agency |
DGITA |
| 020 ## - INTERNATIONAL STANDARD BOOK NUMBER |
| International Standard Book Number |
9788499821511 |
| Qualifying information |
(eBook ; |
| -- |
pdf) |
| 020 ## - INTERNATIONAL STANDARD BOOK NUMBER |
| International Standard Book Number |
8499821510 |
| Qualifying information |
(eBook ; |
| -- |
pdf) |
| 020 ## - INTERNATIONAL STANDARD BOOK NUMBER |
| Canceled/invalid ISBN |
9788498497557 |
| 020 ## - INTERNATIONAL STANDARD BOOK NUMBER |
| Canceled/invalid ISBN |
8498497558 |
| 245 03 - TITLE STATEMENT |
| Title |
La relación jurídica y los derechos subjetivos, su ejercicio / |
| Statement of responsibility, etc. |
Coordinador, Dr. Domingo Bello Janeiro ; Pablo Amat Llombart, Domingo Bello Janeiro, Laura Gazquez Serrano, María del Mar Méndez Serrano, Javier Talma Charles. |
| 264 #1 - PRODUCTION, PUBLICATION, DISTRIBUTION, MANUFACTURE, AND COPYRIGHT NOTICE |
| Place of production, publication, distribution, manufacture |
Madrid : |
| Name of producer, publisher, distributor, manufacturer |
Dykinson S.L., |
| Date of production, publication, distribution, manufacture, or copyright notice |
[2009] |
| 264 #4 - PRODUCTION, PUBLICATION, DISTRIBUTION, MANUFACTURE, AND COPYRIGHT NOTICE |
| Date of production, publication, distribution, manufacture, or copyright notice |
©2009 |
| 300 ## - PHYSICAL DESCRIPTION |
| Extent |
1 online resource (118 pages) |
| 336 ## - CONTENT TYPE |
| Content type term |
text |
| Content type code |
txt |
| Source |
rdacontent |
| 337 ## - MEDIA TYPE |
| Media type term |
computer |
| Media type code |
c |
| Source |
rdamedia |
| 338 ## - CARRIER TYPE |
| Carrier type term |
online resource |
| Carrier type code |
cr |
| Source |
rdacarrier |
| 490 1# - SERIES STATEMENT |
| Series statement |
Cuadernos prácticos Bolonia. Parte general ; |
| Volume/sequential designation |
Cuaderno IV |
| 490 1# - SERIES STATEMENT |
| Series statement |
Dykinson manuales |
| 505 0# - FORMATTED CONTENTS NOTE |
| Formatted contents note |
La relación jurídica. Los derechos subjetivos / Pablo Amat Llombart -- Nacimiento, adquisición, modificación, pérdida y extinción / Laura Gazquez Serrano -- El ejercicio de los derechos subjetivos. Límites. La buena fe; la colisión de derechos; el abuso del derecho; la protección de los derechos / Javier Talma Charles -- El ejercicio de los derechos y el tiempo: su cómputo; la renuncia a los derechos; la prescripción y la caducidad / María del Mar Méndez Serrano -- Conceptos jurídicos / Domingo Bello Janeiro. |
| 504 ## - BIBLIOGRAPHY, ETC. NOTE |
| Bibliography, etc. note |
Includes bibliographical references (pages 103-105). |
| 588 0# - SOURCE OF DESCRIPTION NOTE |
| Source of description note |
Online resource; title from ePub and PDF title page (Digitalia, viewed January 16, 2014) |
| 650 #0 - SUBJECT ADDED ENTRY--TOPICAL TERM |
| Topical term or geographic name entry element |
Civil law |
| Geographic subdivision |
Spain. |
| 655 #0 - INDEX TERM--GENRE/FORM |
| Genre/form data or focus term |
Electronic books. |
| 700 1# - ADDED ENTRY--PERSONAL NAME |
| Personal name |
Bello Janeiro, Domingo, |
| Relator term |
editor, |
| -- |
author. |
| 700 1# - ADDED ENTRY--PERSONAL NAME |
| Personal name |
Amat Llombart, Pablo, |
| Relator term |
author. |
| 700 1# - ADDED ENTRY--PERSONAL NAME |
| Personal name |
Gázquez Serrano, Laura, |
| Relator term |
author. |
| 700 1# - ADDED ENTRY--PERSONAL NAME |
| Personal name |
Méndez Serrano, Ma. del Mar |
| Fuller form of name |
(María del Mar), |
| Relator term |
author. |
| 700 1# - ADDED ENTRY--PERSONAL NAME |
| Personal name |
Talma Charles, Javier, |
| Relator term |
author. |
| 776 08 - ADDITIONAL PHYSICAL FORM ENTRY |
| Relationship information |
Print version: |
| Title |
Relación jurídica y los derechos subjetivos, su ejercicio. |
| Place, publisher, and date of publication |
Madrid : Editorial Dykinson, c2009. |
| International Standard Book Number |
9788498497557 |
| Record control number |
(OCoLC)682906161 |
| 793 0# - |
| -- |
Digitalia eBook Collection: |
| -- |
Dykinson Editorial. |
| 791 2# - |
| -- |
Digitalia (Firm) |
| -- |
publisher. |
| 830 #0 - SERIES ADDED ENTRY--UNIFORM TITLE |
| Uniform title |
Cuadernos prácticos Bolonia. |
| Name of part/section of a work |
Parte general ; |
| Volume/sequential designation |
Cuaderno 4. |
| 830 #0 - SERIES ADDED ENTRY--UNIFORM TITLE |
| Uniform title |
Dykinson manuales. |
| 856 40 - ELECTRONIC LOCATION AND ACCESS |
| Materials specified |
Digitalia Hispánica |
| Uniform Resource Identifier |
<a href="https://www.digitaliapublishing.com/a/14554/">https://www.digitaliapublishing.com/a/14554/</a> |
| 910 ## - USER-OPTION DATA (OCLC) |
| User-option data |
Premium Collection: 2013 |
| 942 ## - ADDED ENTRY ELEMENTS (KOHA) |
| Koha item type |
Recurso Electrónico |